000 00510nam a2200193Ia 4500
005 20250324051404.0
008 240331s9999 xx 000 0 und d
020 _a0836401956
082 _a303
_bODD
_21009
100 _aOddie, G. A
245 0 _aSocial Protest in India:
_bBritish Protestant Missionaries and Social Reforms 1850-1900
260 _aNew Delhi;
_bMissouri
_c1978
300 _avi, 283 p.,
650 _aSociety
650 _aReligion
650 _aCaste
650 _aAgrarian
942 _cL
999 _c1193
_d1193